000 00776nam a22002417a 4500
005 20251108165022.0
008 250721s1990 xx 000 0 ara d
082 1 4 _a927.8/عبد
100 1 _aزكي، عبد الحميد توفيق
245 1 0 _aأعلام الموسيقى المصرية عبر 150 سنة /
264 1 _aالقاهرة :
_bالهيئة المصرية العامة للكتاب،
_c1990.
300 _a291ص
490 0 _aتاريخ المصريين ؛ 1990
650 1 7 _aالموسيقى
650 1 7 _aالتاريخ الأدبي
650 1 7 _aالنقد الأدبي
650 1 7 _aمصر
650 1 7 _aالموسيقى العربية
650 1 7 _aالمغنون
650 1 7 _aالموسيقيون
942 _2ddc
_cBK
999 _c20039
_d20039